000 00844nam a2200241Ia 4500
003 GCL
005 20240530102622.0
008 140319s9999 xx 000 0 ara d
040 _aGCL /
_cGCL
082 0 4 _a001.5
_bع ت
100 1 _aعواطف عبدالرحمن
245 1 0 _aتحليل المضمون فى الدراسات الاعلامية /
_cعواطف عبدالرحمن
260 _aالقاهرة :
_bالعربى للنشر والتوزيع ،
_c1986
300 _a295 ص ؛
_c24 سم
490 _aدراسات فى الاعلام
_v0
650 0 4 _aالعلاقات الخارجية
650 0 4 _aالاعلام الدولى
650 0 4 _aالراى العام العالمى
650 0 4 _aالدعاية الدولية
700 1 _aنادية سالم
700 1 _aليلى عبدالمجيد
942 _2ddc
_cBK
999 _c33458
_d33458